000 00334nam a2200133Ia 4500
005 20251222144812.0
008 251222s9999||||xx |||||||||||||| ||spa||
020 _a84-88030-24-X
082 _a370/G23
100 _aGarcía Garrido, José Luis
245 0 _aProblemas Mundiales de la Educación:
264 _bDykinson
942 _cLIB
999 _c20146
_d20146